|
|
|
|
| LEADER |
00000nab a2200000 a 4500 |
| 001 |
vtls000852243 |
| 003 |
SK-MaSNL |
| 005 |
20260305040115.0 |
| 008 |
161006c2003 xo 0 slo |
| 015 |
|
|
|a SNBRA2003/11-31427
|
| 035 |
|
|
|a CLN000203898
|
| 040 |
|
|
|a SNKBUCL
|b slo
|c SNKBUCL
|e AACR2
|
| 041 |
0 |
|
|a slo
|
| 044 |
|
|
|a xo
|c SK
|
| 080 |
|
|
|a 94(437.6)"12/13":902
|2 1997
|
| 080 |
|
|
|a 902:94(437.6)"12/13"
|2 1997
|
| 100 |
1 |
|
|a Kučerová, Marta
|c (archeologička)
|4 aut
|9 177671
|
| 245 |
1 |
0 |
|a Výskum zaniknutej osady v katastri obce Slovenská Ves
|c Marta Giertlová
|
| 300 |
|
|
|b Obr.
|
| 504 |
|
|
|a Res. angl.
|
| 504 |
|
|
|a Bibliogr. odkazy
|
| 648 |
|
7 |
|a 13.-14. storočie
|2 SNKPH
|9 310529
|
| 650 |
0 |
7 |
|a zaniknuté obce
|2 SNKPH
|9 109021
|
| 650 |
0 |
7 |
|a regionálne dejiny
|2 SNKPH
|9 63645
|
| 650 |
0 |
7 |
|a archeologické nálezy
|2 SNKPH
|9 4975
|
| 651 |
|
7 |
|a Spišská Nová Ves (Slovensko : okres)
|2 snkbucl
|9 22259
|
| 651 |
|
7 |
|a Spiš (Slovensko : región)
|2 snkbucl
|9 17692
|
| 655 |
|
7 |
|a články zo zborníkov
|2 snkbucl
|9 166140
|
| 773 |
0 |
|
|z 8096889028
|t K stredovekým dejinám Spiša
|d Stará Ľubovňa : Ľubovnianske múzeum, 2003
|g S. 115-127
|
| 850 |
|
|
|a Slovenská národná knižnica v Martine
|
| 852 |
|
|
|a SNK
|b KIS3GCP
|
| 958 |
|
|
|a NB
|
| 999 |
|
|
|c 3336713
|d 3338643
|